Govt. of
Madhya Pradesh

बाेस या गांधी किसने दिलाई भारत को आजादी (Record no. 68843)

MARC details
000 -LEADER
fixed length control field 00395nam a22001097a 4500
082 ## - DEWEY DECIMAL CLASSIFICATION NUMBER
Classification number 900
100 ## - MAIN ENTRY--AUTHOR NAME
Personal name बख्‍शी, मेजर जनरल (डॉ.) जी डी
245 ## - TITLE STATEMENT
Title बाेस या गांधी किसने दिलाई भारत को आजादी
260 ## - PUBLICATION, DISTRIBUTION, ETC. (IMPRINT)
Place of publication दिल्‍ली
Name of publisher KW Pub.
Year of publication 2023
650 ## - SUBJECT ADDED ENTRY--TOPICAL TERM
Topical Term इतिहास
942 ## - ADDED ENTRY ELEMENTS (KOHA)
Koha item type Books
Holdings
Withdrawn status Lost status Damaged status Not for loan Home library Current library Date acquired Cost, normal purchase price Full call number Accession Number Price effective from Koha item type
        MACL MACL 24/03/2026 620.00 900 CRH039024 24/03/2026 Books